Formuła 1 2024 - Rozpoznaj Kierowców na Zdjęciach - Statystyki

Ogólne statystyki
  • Ten quiz został rozwiązany 585 razy
  • Średni wynik to 20 z 25
Statystyki odpowiedzi
Obrazkowy Odpowiedź % Poprawnych
Lewis Hamilton
100%
Yuki Tsunoda
94%
Charles Leclerc
93%
Fernando Alonso
93%
Max Verstappen
93%
Pierre Gasly
93%
Carlos Sainz
90%
Oscar Piastri
90%
Lando Norris
85%
Alex Albon
84%
Sergio Perez
81%
Valtteri Bottas
81%
Daniel Ricciardo
80%
George Russell
80%
Lance Stroll
80%
Zhou Guanyu
80%
Esteban Ocon
78%
Liam Lawson
78%
Nico Hulkenberg
78%
Kevin Magnussen
73%
Oliver Bearman
68%
Andrea Kimi Antonelli
66%
Logan Sargeant
64%
Mick Schumacher
48%
Theo Pourchaire
11%
Nie znaleziono quizów pasujących do podanych kryteriów
Rozkład punktacji
Procent ludzi z każdym wynikiem
Percentyl według liczby udzielonych odpowiedzi
Twoja historia wyników
Nie rozwiązałeś tego quizu